[Event "Roquetas de Mar op 31st"]
[Site "Roquetas de Mar"]
[Date "2020.01.05"]
[Round "6"]
[White "Moreto Quintana, Alexandre"]
[Black "Gines Esteo, Pedro Antonio"]
[Result "0-1"]
[WhiteElo "2165"]
[BlackElo "2482"]
[PlyCount "106"]
[EventDate "2020.01.02"]
[EventType "swiss"]
[EventRounds "9"]
[EventCountry "ESP"]
[SourceTitle "CBM 194 Extra"]
[Source "ChessBase"]
[SourceDate "2020.03.31"]
[SourceVersion "1"]
[SourceVersionDate "2020.03.31"]
[SourceQuality "1"]

1. e4 c6 2. Nc3 d5 3. Nf3 Bg4 4. h3 Bxf3 5. Qxf3 e6 6. g3 Nf6 7. Bg2 Nbd7 8. 0-0 Bc5 9. d3 0-0 10. Qe2 b5 11. Kh1 d4 12. Nb1 a5 13. a4 Nb6 14. axb5 cxb5 15. e5 Nfd5 16. c4 dxc3 17. bxc3 Qd7 18. c4 Bd4 19. Bb2 Bxb2 20. Qxb2 bxc4 21. dxc4 Nxc4 22. Qd4 Rac8 23. Bxd5 Qxd5+ 24. Qxd5 exd5 25. Rd1 Rfd8 26. Nd2 Nb2 27. Rf1 Rc2 28. Nb3 a4 29. Nd4 Rc4 30. Ra2 Rxd4 31. Rxb2 a3 32. Ra2 Rd3 33. Rfa1 Ra8 34. Kg2 Kf8 35. f4 Ke7 36. Kh2 h5 37. h4 Ke6 38. Rb1 Ra7 39. Rb8 Kf5 40. Kh3 g6 41. Rb6 d4 42. Rf6+ Ke4 43. e6 fxe6 44. Rxg6 Kd5 45. Rg5+ Kc4 46. Re5 Kb3 47. Ree2 Rg7 48. Ra1 Rgxg3+ 49. Kh2 Rh3+ 50. Kg2 Rdg3+ 51. Kf1 Rh1+ 52. Kf2 Rxa1 53. Kxg3 a2 0-1

[Event "Trieste op 21st"]
[Site "Trieste"]
[Date "2019.09.01"]
[Round "3"]
[White "Moreto Quintana, Alexandre"]
[Black "Favaloro, Andrea"]
[Result "0-1"]
[WhiteElo "2092"]
[BlackElo "2354"]
[PlyCount "192"]
[EventDate "2019.08.31"]
[EventType "swiss"]
[EventRounds "9"]
[EventCountry "ITA"]
[SourceTitle "EXT 2020"]
[Source "ChessBase"]
[SourceDate "2019.10.17"]
[SourceVersion "1"]
[SourceVersionDate "2019.10.17"]
[SourceQuality "1"]

1. d4 d5 2. c4 e6 3. Nc3 Nf6 4. cxd5 exd5 5. Bg5 c6 6. e3 h6 7. Bh4 Be6 8. Bd3 Nbd7 9. Bg3 Be7 10. Nge2 Nh5 11. Qc2 0-0 12. 0-0 Nxg3 13. Nxg3 Nf6 14. a3 Bd6 15. b4 Ng4 16. Nce2 Qh4 17. h3 Nxe3 18. fxe3 Bxg3 19. Nxg3 Qxg3 20. Rf3 Qg5 21. Qf2 a5 22. b5 cxb5 23. Bxb5 Rfc8 24. Rg3 Qf5 25. Rf3 Qc2 26. Qf1 Rc3 27. a4 Rac8 28. Kh2 R8c7 29. Re1 Re7 30. Rg3 Qf5 31. Qe2 Qe4 32. Qd2 Qc2 33. Qxc2 Rxc2 34. Rf3 g6 35. Kg1 Bf5 36. Rf2 Rec7 37. Rxc2 Rxc2 38. Re2 Rxe2 39. Bxe2 Bd7 40. Bd1 b5 41. axb5 Bxb5 42. Bb3 Bc4 43. Ba4 Kf8 44. Kf2 Ke7 45. h4 g5 46. hxg5 hxg5 47. Ke1 Ke6 48. g3 Kf5 49. Bc2+ Ke6 50. Ba4 Bd3 51. Kd2 Bb1 52. Kc1 Be4 53. Kd2 Kf5 54. Bd1 Kg6 55. Ba4 Bf3 56. Bc2+ Kh5 57. Ke1 Kg4 58. Kf2 Be4 59. Bd1+ Kh3 60. Bb3 Kh2 61. Ba4 Bd3 62. Bc6 Be4 63. Ba4 f6 64. Bb3 Kh3 65. Ba4 Kg4 66. Bd7+ Kh5 67. Bc6 Kg6 68. Ke2 Kf7 69. Kd2 Ke6 70. Kc3 Kd6 71. Ba4 Bf5 72. Bb3 Bd7 73. Bd1 Bc6 74. Be2 Kc7 75. Bg4 Kb6 76. Bf5 Kb5 77. Bc2 Bd7 78. Bb3 Kc6 79. Bc2 Kd6 80. Bd1 Ke7 81. Bf3 Bc6 82. Bg4 Kf7 83. Bf5 Kg7 84. Kb3 Kf8 85. Kc3 Ke7 86. Bg4 Kd6 87. Kb3 Be8 88. Bf5 Bd7 89. Bxd7 Kxd7 90. Ka4 Ke6 91. Kxa5 Kf5 92. Kb5 Ke4 93. Kc5 f5 94. Kd6 Kxe3 95. Kxd5 f4 96. gxf4 gxf4 0-1

[Event "Prague op-A 18th"]
[Site "Prague"]
[Date "2019.01.13"]
[Round "4"]
[White "Moreto Quintana, Alexandre"]
[Black "Abdulla, Murad"]
[Result "0-1"]
[WhiteElo "2101"]
[BlackElo "2263"]
[PlyCount "52"]
[EventDate "2019.01.11"]
[EventType "swiss"]
[EventRounds "9"]
[EventCountry "CZE"]
[SourceTitle "CBM 188 Extra"]
[Source "ChessBase"]
[SourceDate "2019.02.26"]
[SourceVersion "1"]
[SourceVersionDate "2019.02.26"]
[SourceQuality "1"]

1. c4 e5 2. Nc3 Nf6 3. Nf3 Nc6 4. e3 a6 5. a3 d5 6. cxd5 Nxd5 7. Qc2 Be6 8. b4 Nb6 9. Ne4 Bd5 10. Bb2 f6 11. d4 f5 12. Nc5 e4 13. Nd2 Rb8 14. b5 axb5 15. Bxb5 Nd7 16. Ndb3 Bd6 17. Nxd7 Qxd7 18. Nc5 Qc8 19. Bc4 Ne7 20. f3 exf3 21. gxf3 Bxc5 22. Bxd5 Bxa3 23. Bxa3 Nxd5 24. e4 Qe6 25. 0-0-0 Ne3 26. Qxc7 Rc8 0-1

[Event "Barcelona Sants op 20th"]
[Site "Barcelona"]
[Date "2018.08.17"]
[Round "1"]
[White "Peralta, Fernando"]
[Black "Moreto Quintana, Alexandre"]
[Result "1-0"]
[WhiteElo "2556"]
[BlackElo "2121"]
[PlyCount "61"]
[EventDate "2018.08.17"]
[EventType "swiss"]
[EventRounds "10"]
[EventCountry "ESP"]
[SourceTitle "CBM 186 Extra"]
[Source "ChessBase"]
[SourceDate "2018.08.24"]
[SourceVersion "1"]
[SourceVersionDate "2018.08.24"]
[SourceQuality "1"]

1. d4 Nf6 2. c4 e6 3. Nc3 Bb4 4. e3 0-0 5. Nge2 c6 6. a3 Ba5 7. c5 d5 8. cxd6 Qxd6 9. b4 Bc7 10. g3 e5 11. Bg2 exd4 12. Nxd4 Nbd7 13. 0-0 Nb6 14. Qc2 Nfd5 15. Nxd5 Nxd5 16. Bb2 Bd8 17. e4 Ne7 18. Rad1 Qh6 19. Nb3 Kh8 20. Nc5 Bc7 21. Qc3 b6 22. Nd7 Rd8 23. Ne5 Qf6 24. Rxd8+ Bxd8 25. Qd2 Ba6 26. Qd7 h6 27. Qe8+ Kh7 28. Rd1 Ng8 29. Bh3 Qe7 30. Bf5+ g6 31. Nxg6 1-0

[Event "Almansa op-A 13th"]
[Site "Almansa"]
[Date "2018.08.04"]
[Round "5.4"]
[White "Moreto Quintana, Alexandre"]
[Black "Silva Rodriguez, Fernando"]
[Result "1-0"]
[WhiteElo "2121"]
[BlackElo "2239"]
[PlyCount "83"]
[EventDate "2018.08.02"]
[EventType "swiss"]
[EventRounds "7"]
[EventCountry "ESP"]
[SourceTitle "EXT 2024"]
[Source "ChessBase"]
[SourceDate "2023.10.10"]
[SourceVersion "1"]
[SourceVersionDate "2023.10.10"]
[SourceQuality "1"]

1. c4 e6 2. d4 d5 3. g3 Nf6 4. Bg2 Bb4+ 5. Nd2 0-0 6. Ngf3 b6 7. 0-0 Bb7 8. Ne5 Bd6 9. b3 c5 10. cxd5 cxd4 11. Ndc4 Bxd5 12. Bxd5 Nxd5 13. Nxd6 Qxd6 14. Qxd4 f6 15. Nc4 Nc6 16. Qg4 Ne5 17. Qd4 Nxc4 18. bxc4 Qb4 19. Qd3 Qc3 20. Ba3 Rfd8 21. cxd5 Qxd3 22. exd3 Rxd5 23. Rfd1 Rad8 24. Rac1 a5 25. Rc3 b5 26. Bc1 b4 27. Rb3 e5 28. Be3 Kf7 29. a3 bxa3 30. Rxa3 Ke6 31. Rda1 Rxd3 32. Rxd3 Rxd3 33. Rxa5 h5 34. h4 Kf5 35. Kg2 Rb3 36. Ra7 g6 37. Ra6 Rb7 38. Kf3 Rb3 39. Ke2 Rb7 40. Rd6 Rb3 41. Bb6 g5 42. Bd8 1-0

[Event "Sueca op 4th"]
[Site "Sueca"]
[Date "2018.07.26"]
[Round "5"]
[White "Crecente Penalba, Jose Manuel"]
[Black "Moreto Quintana, Alexandre"]
[Result "1-0"]
[WhiteElo "2134"]
[BlackElo "2157"]
[PlyCount "65"]
[EventDate "2018.07.23"]
[EventType "swiss"]
[EventRounds "8"]
[EventCountry "ESP"]
[SourceTitle "CBM 185 Extra"]
[Source "ChessBase"]
[SourceDate "2018.07.29"]
[SourceVersion "1"]
[SourceVersionDate "2018.07.29"]
[SourceQuality "1"]

1. e4 c5 2. Nf3 e6 3. d4 cxd4 4. Nxd4 Nc6 5. Nc3 Qc7 6. Be3 a6 7. Be2 Nf6 8. 0-0 Be7 9. f4 d6 10. Kh1 0-0 11. Qe1 Nxd4 12. Bxd4 b5 13. a3 Bb7 14. Qg3 Rad8 15. Bd3 Rfe8 16. Rae1 Rd7 17. Qh3 e5 18. Be3 Bd8 19. Bd2 Bc6 20. Qf5 g6 21. Qh3 Qb7 22. f5 d5 23. exd5 Nxd5 24. Ne4 Qb6 25. f6 h5 26. Qh4 Nf4 27. Bxf4 exf4 28. Qxf4 Bxe4 29. Rxe4 Rf8 30. Qg5 Rd6 31. Ref4 Kh7 32. Qxh5+ Kg8 33. Bxg6 1-0

[Event "San Sebastian Gros op 28th"]
[Site "San Sebastian"]
[Date "2018.06.28"]
[Round "8"]
[White "Eizaguerri Floris, Maria"]
[Black "Moreto Quintana, Alexandre"]
[Result "1-0"]
[WhiteElo "1999"]
[BlackElo "2193"]
[PlyCount "113"]
[EventDate "2018.06.22"]
[EventType "swiss"]
[EventRounds "9"]
[EventCountry "ESP"]
[SourceTitle "CBM 185 Extra"]
[Source "ChessBase"]
[SourceDate "2018.07.29"]
[SourceVersion "1"]
[SourceVersionDate "2018.07.29"]
[SourceQuality "1"]

1. d4 Nf6 2. Nf3 g6 3. Bg5 Bg7 4. Nbd2 0-0 5. c3 d5 6. e3 Nc6 7. Be2 b6 8. 0-0 Bb7 9. b4 h6 10. Bh4 e6 11. Qb3 Ne7 12. a4 a5 13. Rfc1 Nf5 14. Bg3 Nxg3 15. hxg3 Nd7 16. Qb2 Qe7 17. bxa5 Rxa5 18. Nb3 Raa8 19. a5 Qd6 20. a6 Bc8 21. Ra2 Ra7 22. Nbd2 Qc6 23. c4 Qa8 24. cxd5 exd5 25. Rca1 Re8 26. Nb1 Re6 27. Nc3 c6 28. Qb3 Qb8 29. Ne1 b5 30. Nd3 Qb6 31. Nb4 Nf6 32. Nd3 Bf8 33. Na4 Qc7 34. Nac5 Bxc5 35. Nxc5 Re8 36. Qb4 Nd7 37. Rc1 Qd6 38. Nd3 Re6 39. Qxd6 Rxd6 40. Nb4 Nb6 41. Nxc6 Rc7 42. Bxb5 Kg7 43. Rac2 Nc4 44. Nb4 Be6 45. Bxc4 dxc4 46. d5 Rb6 47. Rxc4 Ra7 48. dxe6 Rxe6 49. Rc7 Ra8 50. a7 Rb6 51. R1c4 h5 52. Nc6 Ra6 53. f4 Kf6 54. Rb4 Kf5 55. Rb8 Rxc6 56. Rxc6 Rxa7 57. Rb5+ 1-0